Breviár etiky podnikania

Salvato in:
Dettagli Bibliografici
Autore principale: Blaškovič, Gabriel
Natura: Libro
Lingua:slovacco
Pubblicazione: Bratislava Vydavateľstvo Eurostav 2010
Soggetti:
Tags: Aggiungi Tag
Nessun Tag, puoi essere il primo ad aggiungerne!!

MARC

LEADER 00000nam a2200000 4500
001 0124517
005 20240314092907.2
020 |a 978-80-89228-28-7 
041 0 |a slo 
044 |a SK 
245 1 0 |a Breviár etiky podnikania  |c Gabriel Blaškovič 
264 1 |a Bratislava  |b Vydavateľstvo Eurostav  |c 2010 
300 |a 223 s. 
610 2 0 |a podnikanie 
610 2 0 |a etika podnikateľská 
610 2 0 |a morálka 
610 2 0 |a morálka pracovná 
100 1 |a Blaškovič, Gabriel